| 000 | 01781nam a2200325 i 4500 | ||
|---|---|---|---|
| 001 | 000030981 | ||
| 003 | DO-SdBNP | ||
| 005 | 20250822075952.0 | ||
| 007 | ta | ||
| 008 | 100907t1985 dr abc 000 0 spa d | ||
| 040 |
_aDO-SdBNP _bspa _cBNPHU _erda |
||
| 041 | _asp | ||
| 082 |
_a972.93053 _bG861e _222 |
||
| 100 | 1 |
_aGrimaldi, Víctor, _d1949- _eautor _91699 |
|
| 245 | 1 | 4 |
_aLos Estados Unidos en el derrocamiento de Trujillo / _cVíctor Grimaldi. |
| 264 |
_aSanto Domingo : _bAmigo del Hogar, _c1985. |
||
| 300 |
_a127 páginas : _bilustraciones mapas., retratos. ; _c21 cm. |
||
| 336 |
_ardacontent _btexto _2txt |
||
| 337 |
_ardamedia _bsin mediación _2n |
||
| 338 |
_ardacarrier _bvolumen _2nc |
||
| 505 | 0 |
_gPresentación -- _tQuisieron perpetuar la tiranía en 1959 -- _tMientras tanto, ¿Qué pasó con Batista? -- _t... Y en 1960 le ofrecieron dólares al Jefe para que abandonara el poder por las buenas -- _t..Y como el Jefe rechazó el US$ Fondo de Eisenhower, la CIA se metió en el complot -- _t... Y continuaron interviniendo en la vida dominicana -- _t14 Años antes, en 1947 los Estados Unidos abortaron la invasión de Cayo Confites -- _gAnexo : _t(Parte D del informe, del Comité del Senado de Estados Unidos que investigó los planes de asesinato de líderes extranjeros en 1975). |
|
| 590 | _aInventariado, 2025/DG | ||
| 600 | 1 | 0 |
_aTrujillo Molina, Rafael Leónidas, _d1891-1961 _976764 |
| 650 | 4 |
_aRepública Dominicana _xHistoria _yEra de Trujillo*1930-1961 _985829 |
|
| 651 | 4 |
_aEstados Unidos _xRelaciones Exteriores _zRepública Dominicana _96309 |
|
| 651 | 4 |
_aRepública Dominicana _xRelaciones Exteriores _zEstados Unidos _96308 |
|
| 651 | 0 |
_aRepública Dominicana _xPolítica y gobierno _945 |
|
| 910 | _aValidado. Control de calidad EMS. | ||
| 942 |
_2ddc _cLBS1 |
||
| 999 |
_c30473 _d30473 |
||